A manual of chemical and biological methods for seawater analysis

Guardat en:
Dades bibliogràfiques
Autors principals: Parsons, Timothy R. (Autor), Maita, Yoshiaki (Autor), Lalli, Carol M (Autor)
Format: Llibre
Idioma:anglès
Publicat: Oxford Pergamon 1984
Matèries:
Etiquetes: Afegir etiqueta
Sense etiquetes, Sigues el primer a etiquetar aquest registre!

MARC

LEADER 00000nam a2200000 a 4500
001 UCV5131
003 CL-VaPUC
008 920713e19840000UK |||||||||||||||||eng|d
082 0 4 |a 551.4601  |b PAR  |2 21 
100 |a Parsons, Timothy R.  |e author  |9 461841 
700 0 |a Maita, Yoshiaki  |e author  |9 299406 
700 |a Lalli, Carol M  |e author  |9 441049 
245 1 2 |a A manual of chemical and biological methods for seawater analysis 
300 |a 173 p 
942 |c BK 
945 |d 19920713 00:00:00 
260 |a Oxford  |b Pergamon  |c 1984 
650 0 |a Aguas marinas  |9 261166 
583 |a last modification  |c 19920713 00:00:00  |k Rodrigo Vera 
999 |c 211722  |d 211720 
952 |0 0  |1 0  |2 ddc  |4 0  |6 551_460100000000000_PAR_1984  |7 0  |8 CCM  |9 191592  |a BIBCUR  |b BIBCUR  |c PAC  |d 2019-11-14  |i 2591375  |o 551.4601 PAR 1984  |p 2591375  |r 2025-04-22  |w 2019-11-14  |y BK  |k CIM